Electronic Commerce (Record no. 7298)
[ view plain ]
| 000 -LEADER | |
|---|---|
| fixed length control field | 00256nam a2200109Ia 4500 |
| 100 ## - MAIN ENTRY--AUTHOR NAME | |
| Personal name | Ravi Kalakota |
| 245 #0 - TITLE STATEMENT | |
| Title | Electronic Commerce |
| 260 ## - PUBLICATION, DISTRIBUTION, ETC. (IMPRINT) | |
| Place of publication | USA |
| Name of publisher | Penguin Books |
| Year of publication | 1997 |
| 300 ## - PHYSICAL DESCRIPTION | |
| Number of Pages | 431 |
| 942 ## - ADDED ENTRY ELEMENTS (KOHA) | |
| Koha item type | Books |
| Withdrawn status | Lost status | Collection code | Permanent Location | Current Location | Shelving location | Date acquired | Full call number | Accession Number | Koha item type |
|---|---|---|---|---|---|---|---|---|---|
| | | Business | MAJU | MAJU | | 2019-09-12 | 621.3 | 1119 | Business |